Assessment and accreditation of institutions by NAAC: a total analysis of the accreditation process (Record no. 49961)

000 -LEADER
fixed length control field 00425pab a2200145 454500
008 - FIXED-LENGTH DATA ELEMENTS--GENERAL INFORMATION
fixed length control field 180718b2001 xxu||||| |||| 00| 0 eng d
100 ## - MAIN ENTRY--PERSONAL NAME
Personal name Pillai, V.N. Rajasekharan
245 ## - TITLE STATEMENT
Title Assessment and accreditation of institutions by NAAC: a total analysis of the accreditation process
260 ## - PUBLICATION, DISTRIBUTION, ETC.
Date of publication, distribution, etc. 2001
300 ## - PHYSICAL DESCRIPTION
Extent p.40-50
362 ## - DATES OF PUBLICATION AND/OR SEQUENTIAL DESIGNATION
Dates of publication and/or sequential designation 3 Sep
650 ## - SUBJECT ADDED ENTRY--TOPICAL TERM
Topical term or geographic name entry element Educational assessment
773 ## - HOST ITEM ENTRY
Main entry heading University News
909 ## -
-- 49961
Holdings
Withdrawn status Lost status Damaged status Not for loan Permanent Location Current Location Date acquired Serial Enumeration / chronology Barcode Date last seen Price effective from Koha item type
        Indian Institute of Public Administration Indian Institute of Public Administration 2018-07-19 Volume no: 39, Issue no: 36 AR50389 2018-07-19 2018-07-19 Articles

Powered by Koha